[Event "San Sebastian ESP"]
[Site "?"]
[Date "2006.04.13"]
[Round "7.3"]
[White "Ninov Nikolai"]
[Black "Conquest Stuart"]
[Result "1/2-1/2"]
[WhiteElo "2494"]
[BlackElo "2505"]
[PlyCount "37"]
[EventDate "2006.??.??"]
[Source "www.chesslib.no"]
[SourceDate "2004.05.04"]

1. e4 c5 2. Nf3 Nc6 3. d4 cxd4 4. Nxd4 Qb6 5. Nb5 Nf6 6. Be3 Qd8 7. Nd2 d5 8. Nb3 a6 9. exd5 axb5 10. dxc6 Qxd1+ 11. Kxd1 bxc6 12. c4 Be6 13. Nd4 Bxc4 14. Bxc4 bxc4 15. Nxc6 e6 16. Ke2 Bd6 17. Rhc1 Ra4 18. Bd4 Nd5 19. b3 1/2-1/2

[Event "X Open Anibal"]
[Site "Linares"]
[Date "2003.03.08"]
[Round "9.2"]
[White "Del Rio Angelis, Salvador Gabriel"]
[Black "Korobov, Anton"]
[Result "1/2-1/2"]
[WhiteElo "2487"]
[BlackElo "2509"]
[PlyCount "90"]
[EventDate "2003.03.01"]
[Source "Roberto Alvarez"]
[SourceDate "2003.03.03"]

1. e4 c5 2. Nf3 Nc6 3. d4 cxd4 4. Nxd4 Qb6 5. Nb3 e6 6. g3 Nf6 7. Bg2 d6 8. O-O Be7 9. Be3 Qc7 10. c4 O-O 11. Nc3 Ne5 12. Nb5 Qb8 13. Qe2 a6 14. Nc3 Qc7 15. Nd2 Bd7 16. h3 Rac8 17. Rac1 Nxc4 18. Nxc4 Qxc4 19. Qd2 Qb4 20. g4 Kh8 21. g5 Ng8 22. h4 Bc6 23. a3 Qa5 24. b4 Qd8 25. Rfd1 Qe8 26. Ne2 e5 27. Ng3 Ba4 28. Rxc8 Qxc8 29. Rc1 Bc6 30. Nf5 Qe6 31. Rc3 g6 32. Nxe7 Nxe7 33. Rd3 Nc8 34. f4 exf4 35. Bd4+ Kg8 36. Qxf4 Re8 37. Re3 Qe7 38. Bh3 Qd8 39. Bxc8 Qxc8 40. Qf6 Qg4+ 41. Kh2 Re5 42. Bxe5 dxe5 43. Qd8+ Kg7 44. Qf6+ Kg8 45. Qd8+ Kg7 1/2-1/2

[Event "URS-ch U26"]
[Site "Tbilisi"]
[Date "1989.??.??"]
[Round "?"]
[White "Timoshenko, Georgy"]
[Black "Epishin, Vladimir"]
[Result "0-1"]
[WhiteElo "2530"]
[BlackElo "2465"]
[PlyCount "114"]
[EventDate "1989.01.??"]
[Source "ChessBase"]

1. e4 c5 2. Nf3 Nc6 3. d4 cxd4 4. Nxd4 Qb6 5. Nb3 Nf6 6. Bd3 e6 7. O-O Be7 8. c4 d5 9. cxd5 exd5 10. Nc3 dxe4 11. Nxe4 O-O 12. Qe2 Nd4 13. Nxd4 Qxd4 14. Rd1 Bg4 15. Nxf6+ Bxf6 16. Bxh7+ Kh8 17. Rxd4 Bxe2 18. Rd2 Rfe8 19. Bc2 Rac8 20. Bb3 Bh5 21. Kf1 Bg5 22. Rc2 Rxc2 23. Bxc2 Be2+ 24. Ke1 Bd3+ 25. Kd1 Bxc2+ 26. Kxc2 Re2+ 27. Kd3 Re1 28. Kc2 Re2+ 29. Kd3 Re1 30. Kc2 Rf1 31. f3 Rf2+ 32. Kd3 Bf6 33. g4 g5 34. Ke4 Kg7 35. Be3 Rxb2 36. Rd1 Rxa2 37. Rd7 b6 38. h3 Ra4+ 39. Kf5 Ra5+ 40. Ke4 Re5+ 41. Kd3 Re7 42. Rd5 Kg6 43. f4 gxf4 44. Bxf4 a5 45. Rd6 Re6 46. Rxe6 fxe6 47. Kc4 a4 48. Kb4 b5 49. Bd6 Bb2 50. h4 e5 51. Bc5 Bc1 52. h5+ Kf6 53. h6 Kg6 54. g5 a3 55. Kb3 e4 56. Bd4 b4 57. Bc5 Bd2 0-1

[Event "Stockholm SWE"]
[Site "Stockholm SWE"]
[Date "1990.??.??"]
[Round "?"]
[White "Hector, Jonny"]
[Black "Boensch, Uwe"]
[Result "0-1"]
[WhiteElo "2465"]
[BlackElo "2530"]
[PlyCount "84"]
[EventDate "1990.??.??"]
[Source "www.chesslib.no"]
[SourceDate "2004.05.04"]

1. e4 c5 2. Nf3 Nc6 3. d4 cxd4 4. Nxd4 Qb6 5. Nxc6 dxc6 6. Bd3 e5 7. O-O Nf6 8. Nd2 Be6 9. Bc4 Bxc4 10. Nxc4 Qc7 11. Qf3 Be7 12. b3 b5 13. Ne3 g6 14. a4 O-O 15. axb5 cxb5 16. Ra6 Ne8 17. Nd5 Qb7 18. Rc6 Bd8 19. Qc3 f6 20. f4 exf4 21. Rxf4 Rf7 22. Bb2 Qd7 23. h3 a5 24. Qc5 a4 25. e5 fxe5 26. Bxe5 Rxf4 27. Bxf4 a3 28. Be5 a2 29. Ba1 Qg7 30. Bxg7 Nxg7 31. Nf6+ Bxf6 32. Rxf6 a1=Q+ 33. Rf1 Qa6 34. Qd5+ Kh8 35. Rf7 Qb6+ 36. Kh1 Ra1+ 37. Kh2 Qg1+ 38. Kg3 Nh5+ 39. Kg4 Qd1+ 40. Qxd1 Rxd1 41. Kg5 Rd5+ 42. Kh6 Nf6 0-1

[Event "Lazne Bohdanec"]
[Site "Lazne Bohdanec"]
[Date "1995.??.??"]
[Round "1"]
[White "Howell, James C"]
[Black "Vokac, Marek"]
[Result "1/2-1/2"]
[WhiteElo "2520"]
[BlackElo "2475"]
[PlyCount "24"]
[EventDate "1995.01.??"]
[Source "ChessBase"]

1. e4 c5 2. Nf3 Nc6 3. d4 cxd4 4. Nxd4 Qb6 5. Nb5 Nf6 6. N1c3 a6 7. Be3 Qa5 8. Na3 b5 9. Bd3 e6 10. Nab1 b4 11. Ne2 d5 12. Nd2 Bb7 1/2-1/2

[Event "73rd ch-UKR"]
[Site "Kharkiv"]
[Date "2004.08.28"]
[Round "3.1"]
[White "Oleksienko, Michailo"]
[Black "Korobov, Anton"]
[Result "0-1"]
[WhiteElo "2424"]
[BlackElo "2565"]
[PlyCount "86"]
[EventDate "2004.08.03"]
[Source "Roberto Alvarez"]
[SourceDate "2004.09.06"]

1. e4 c5 2. Nf3 Nc6 3. d4 cxd4 4. Nxd4 Qb6 5. Nb3 e6 6. Bd3 Nf6 7. Nc3 Be7 8. O-O O-O 9. Be3 Qc7 10. f4 d6 11. g4 Nd7 12. g5 Re8 13. Qh5 g6 14. Qh6 Bf8 15. Qh4 a6 16. Rf3 b5 17. Rh3 h6 18. Rf1 Bb7 19. gxh6 Kh7 20. e5 Ne7 21. Ne4 Bxe4 22. Bxe4 Nf5 23. Bxf5 exf5 24. e6 fxe6 25. Bd4 e5 26. Bc3 Re6 27. Re1 b4 28. Bd2 Nf6 29. Nd4 Qc5 30. fxe5 dxe5 31. Bxb4 Qxb4 32. Nxe6 Qb6+ 33. Rhe3 Qxe6 34. Rxe5 Qb6+ 35. Kf1 Ne4 36. Rd1 Ra7 37. Red5 Be7 38. Qe1 Qxb2 39. Qe3 Rc7 40. Rd7 Qb5+ 41. c4 Rxd7 42. cxb5 Rxd1+ 43. Kg2 Bc5 0-1

[Event "42nd Capablanca Memorial - Open"]
[Site "L'Avana CUB"]
[Date "2007.05.21"]
[Round "4"]
[White "Alvarez Pedraza, A."]
[Black "Horvath, Cs1"]
[Result "1/2-1/2"]
[WhiteElo "2449"]
[BlackElo "2538"]
[PlyCount "22"]
[EventDate "2007.05.18"]
[Source "www.chesslib.no"]
[SourceDate "2004.05.04"]

1. e4 c5 2. Nf3 Nc6 3. d4 cxd4 4. Nxd4 Qb6 5. Nb3 Nf6 6. Bd3 e6 7. Be3 Qc7 8. f4 d6 9. Qf3 Be7 10. c3 b6 11. N1d2 Bb7 1/2-1/2

[Event "Presov"]
[Site "Presov"]
[Date "2000.08.12"]
[Round "1"]
[White "Manik, Mikulas"]
[Black "Sherbakov, Ruslan"]
[Result "1/2-1/2"]
[WhiteElo "2425"]
[BlackElo "2558"]
[PlyCount "23"]
[EventDate "2000.08.12"]
[Source "ChessBase"]
[SourceDate "2000.11.21"]

1. e4 c5 2. Nf3 Nc6 3. d4 cxd4 4. Nxd4 Qb6 5. Nb3 Nf6 6. Bd3 d5 7. Nc3 dxe4 8. Nxe4 Nxe4 9. Bxe4 g6 10. O-O Bg7 11. Qe2 O-O 12. c3 1/2-1/2

[Event "Najdorf final KO"]
[Site "Buenos Aires"]
[Date "2000.09.13"]
[Round "3.1"]
[White "Vescovi, Giovanni P"]
[Black "Panno, Oscar"]
[Result "1-0"]
[WhiteElo "2526"]
[BlackElo "2450"]
[PlyCount "81"]
[EventDate "2000.09.09"]
[Source "ChessBase"]
[SourceDate "2000.11.21"]

1. e4 c5 2. Nf3 Nc6 3. d4 cxd4 4. Nxd4 Qb6 5. Nb3 Nf6 6. Bd3 e6 7. O-O Be7 8. c4 Ne5 9. Nc3 d6 10. Be2 O-O 11. Be3 Qc7 12. Rc1 b6 13. f4 Ned7 14. g4 Bb7 15. Nd2 Nc5 16. Qc2 h6 17. b4 Ncd7 18. Nb5 Qb8 19. Nd4 Re8 20. g5 hxg5 21. fxg5 Nh7 22. g6 fxg6 23. Nxe6 Ne5 24. Qb3 Kh8 25. c5 dxc5 26. bxc5 Bc8 27. Nf4 Bxc5 28. Bxc5 bxc5 29. Rxc5 Qxb3 30. axb3 Nf8 31. Nc4 Ned7 32. Ra5 Kh7 33. Nd6 Re5 34. Nd5 Ne6 35. Rc1 Bb7 36. Nxb7 Rxe4 37. Bf3 Rd4 38. Re1 Ng5 39. Bg2 Kh6 40. Nc5 Nxc5 41. Rxc5 1-0

[Event "ISR-ch op"]
[Site "Tel Aviv"]
[Date "2001.04.10"]
[Round "2"]
[White "Stisis, Yaacov"]
[Black "Golod, Vitali"]
[Result "0-1"]
[WhiteElo "2381"]
[BlackElo "2593"]
[PlyCount "72"]
[EventDate "2001.04.09"]
[Source "ChessBase"]
[SourceDate "2001.05.06"]

1. e4 c5 2. Nf3 Nc6 3. d4 cxd4 4. Nxd4 Qb6 5. Nb5 Nf6 6. N5c3 e6 7. Be2 a6 8. a3 Qc7 9. Be3 b5 10. f4 d6 11. O-O Be7 12. Nd2 O-O 13. g4 d5 14. exd5 Nxd5 15. Nxd5 exd5 16. Nb3 Re8 17. Bf3 Bf6 18. Re1 Bb7 19. c3 d4 20. cxd4 Nxd4 21. Nxd4 Bxd4 22. Bxd4 Rxe1+ 23. Qxe1 Bxf3 24. Qe5 Qxe5 25. Bxe5 f6 26. Bc3 Bxg4 27. Kf2 Kf7 28. Re1 Rd8 29. Kg3 h5 30. Kf2 Kg6 31. Re7 Rd3 32. Re3 Rd7 33. Kg3 Kf5 34. h3 h4+ 35. Kf2 Bh5 36. Re8 Bxe8 0-1

[Event "Ukrainian Games"]
[Site "Evpatoria (Ukraine)"]
[Date "2007.05.23"]
[Round "5"]
[White "Tarlev Konstantin (UKR)"]
[Black "Kononenko Dmitry (UKR)"]
[Result "0-1"]
[WhiteElo "2468"]
[BlackElo "2501"]
[PlyCount "74"]
[EventDate "2007.??.??"]
[Source "www.chesslib.no"]
[SourceDate "2004.05.04"]

1. e4 c5 2. Nf3 Nc6 3. d4 cxd4 4. Nxd4 Qb6 5. Nb3 Nf6 6. N1d2 g6 7. Be2 Bg7 8. O-O O-O 9. Nc4 Qc7 10. f3 Rd8 11. Ne3 e6 12. c3 d5 13. exd5 Nxd5 14. Nxd5 Rxd5 15. Qe1 a5 16. Nd2 a4 17. a3 Na5 18. Ne4 f5 19. Ng3 e5 20. Bd2 Qb6+ 21. Rf2 Bf8 22. Kh1 Be6 23. Rd1 Qxb2 24. c4 Rxd2 25. Rxd2 Qxa3 26. Bd1 Nxc4 27. Ra2 Qe3 28. Rfe2 Qd4 29. Rxa4 Rd8 30. Bb3 b5 31. Ra1 Bb4 32. Qf1 Qc3 33. Rb1 Rd2 34. Rxd2 Qxd2 35. Rd1 Qb2 36. Qd3 Kg7 37. Qc2 Qa3 0-1

[Event "Pardubice Czech op"]
[Site "Pardubice"]
[Date "2002.07.25"]
[Round "7"]
[White "Voloshin, Leonid"]
[Black "Golod, Vitali"]
[Result "0-1"]
[WhiteElo "2429"]
[BlackElo "2538"]
[PlyCount "40"]
[EventDate "2002.07.19"]
[Source "ChessBase"]
[SourceDate "2002.09.11"]

1. e4 c5 2. Nf3 Nc6 3. d4 cxd4 4. Nxd4 Qb6 5. Nxc6 bxc6 6. Bd3 e5 7. O-O Nf6 8. Nd2 Qc7 9. Nc4 d5 10. Nxe5 Qxe5 11. Re1 Nxe4 12. f3 Bc5+ 13. Be3 Bxe3+ 14. Rxe3 O-O 15. fxe4 f5 16. Qh5 Qd4 17. Rae1 g6 18. Qh6 f4 19. e5 fxe3 20. Bxg6 e2+ 0-1

[Event "Podolsk GMA-qual"]
[Site "Podolsk RUS"]
[Date "1989.??.??"]
[Round "?"]
[White "Malisauskas, Vidmantas"]
[Black "Epishin, Vladimir V"]
[Result "0-1"]
[WhiteElo "2500"]
[BlackElo "2465"]
[PlyCount "100"]
[EventDate "1989.08.??"]
[Source "www.chesslib.no"]
[SourceDate "2004.05.04"]

1. e4 c5 2. Nf3 Nc6 3. d4 cxd4 4. Nxd4 Qb6 5. Nb5 a6 6. Be3 Qd8 7. N5c3 e6 8. a4 Nf6 9. Bc4 Be7 10. O-O O-O 11. f4 Qc7 12. Nd2 d6 13. Qf3 Rb8 14. Kh1 Re8 15. Bd3 Bf8 16. Qh3 Nb4 17. a5 e5 18. f5 d5 19. exd5 Nbxd5 20. Nxd5 Nxd5 21. Ne4 Qc6 22. Bd2 b5 23. axb6 Rxb6 24. b3 Nb4 25. Bxb4 Rxb4 26. Rae1 Bb7 27. f6 g6 28. Re2 Rd8 29. Bc4 Rxc4 30. bxc4 Qxc4 31. Qe3 a5 32. Ng3 a4 33. Qxe5 a3 34. Qa1 Qc6 35. Rfe1 h5 36. Ne4 Qc4 37. Ng5 Qg4 38. Ne4 Qc8 39. h3 Ba6 40. Re3 Bb7 41. Rd3 Re8 42. Nc3 Qc6 43. Nd5 Rxe1+ 44. Qxe1 Qxc2 45. Rd2 Qb3 46. Qd1 Qg3 47. Rd3 Qe5 48. Ne7+ Kh7 49. Qb3 Qxf6 50. Qxb7 a2 0-1

[Event "Kramatorsk"]
[Site "Kramatorsk"]
[Date "2003.08.02"]
[Round "7"]
[White "Efimenko, Zahar"]
[Black "Arzumanian, Georgy"]
[Result "1/2-1/2"]
[WhiteElo "2546"]
[BlackElo "2418"]
[PlyCount "52"]
[EventDate "2003.07.29"]
[Source "ChessBase"]
[SourceDate "2003.11.11"]

1. e4 c5 2. Nf3 Nc6 3. d4 cxd4 4. Nxd4 Qb6 5. Nb3 Nf6 6. Bd3 e6 7. O-O d6 8. c4 Ne5 9. Nc3 Nxd3 10. Qxd3 a6 11. Bf4 Be7 12. Rad1 e5 13. c5 dxc5 14. Bxe5 O-O 15. Nd5 Nxd5 16. exd5 Bd6 17. Bxd6 Qxd6 18. Nd2 Qf6 19. Ne4 Qxb2 20. Nxc5 Qxa2 21. Qc3 b6 22. Rd2 Qa5 23. Qxa5 bxa5 24. d6 Be6 25. Nb7 Bd7 26. Nxa5 Rab8 1/2-1/2

[Event "Bundesliga 9697"]
[Site "Germany"]
[Date "1997.??.??"]
[Round "?.4"]
[White "Voekler, Bernd"]
[Black "Bischoff, Klaus"]
[Result "1/2-1/2"]
[WhiteElo "2410"]
[BlackElo "2550"]
[PlyCount "25"]
[EventDate "1996.10.??"]
[Source "ChessBase"]
[SourceDate "1999.07.01"]

1. e4 c5 2. Nf3 Nc6 3. d4 cxd4 4. Nxd4 Qb6 5. Nb5 Nf6 6. Be3 Qd8 7. N1c3 a6 8. Na3 b5 9. Nd5 Rb8 10. Nxf6+ exf6 11. Nb1 Bb7 12. Be2 Ne5 13. Nd2 1/2-1/2

[Event "La Coruna TH Open"]
[Site "La Coruna"]
[Date "1995.??.??"]
[Round "6"]
[White "Paramos Dominguez, Roberto"]
[Black "Kurajica, Bojan"]
[Result "1/2-1/2"]
[WhiteElo "2375"]
[BlackElo "2585"]
[PlyCount "108"]
[EventDate "1995.07.??"]
[Source "www.chesslib.no"]
[SourceDate "2004.05.04"]

1. e4 c5 2. Nf3 Nc6 3. d4 cxd4 4. Nxd4 Qb6 5. Nb5 Nf6 6. Be3 Qd8 7. N1c3 a6 8. Nd4 e5 9. Nxc6 bxc6 10. Bc4 Bb4 11. Qd3 O-O 12. Rd1 Qe7 13. Bg5 h6 14. Bxf6 Qxf6 15. O-O Kh8 16. Na4 Qd8 17. Qb3 Rb8 18. a3 Qa5 19. c3 Bd6 20. Qc2 Be7 21. b4 Qc7 22. Qd3 f5 23. f3 a5 24. Kh1 axb4 25. axb4 Ra8 26. Ra1 fxe4 27. fxe4 Rf4 28. b5 Rxf1+ 29. Qxf1 Bb7 30. b6 Qd8 31. Bb3 d5 32. Rd1 Qd6 33. Qd3 Qa3 34. Qc2 Rf8 35. h3 Bh4 36. exd5 Rf2 37. Qb1 cxd5 38. Bxd5 Qe7 39. Qe4 Qf6 40. Bxb7 Rf1+ 41. Rxf1 Qxf1+ 42. Kh2 Bf2 43. h4 Qg1+ 44. Kh3 Qh1+ 45. Kg4 Qd1+ 46. Kh3 Qh1+ 47. Kg4 Qd1+ 48. Qf3 Qd7+ 49. Qf5 Qd1+ 50. Bf3 Qxa4+ 51. Be4 Qd1+ 52. Qf3 Qxf3+ 53. Bxf3 Bxb6 54. Kf5 Kg8 1/2-1/2

[Event "Europa ch 2008"]
[Site "Plovdiv BUL"]
[Date "2008.04.30"]
[Round "9.92"]
[White "Cao, Sang"]
[Black "Chirila, Ioan Cristian"]
[Result "0-1"]
[WhiteElo "2535"]
[BlackElo "2422"]
[PlyCount "90"]
[EventDate "2008.04.21"]
[Source "www.chesslib.no"]
[SourceDate "2004.05.04"]

1. e4 c5 2. Nf3 Nc6 3. d4 cxd4 4. Nxd4 Qb6 5. Be3 Qxb2 6. Nb3 Qe5 7. Bd3 e6 8. O-O Qb8 9. c4 d6 10. Nc3 Nf6 11. f4 Be7 12. Rc1 b6 13. g4 Nd7 14. Bb1 O-O 15. g5 Re8 16. Qh5 g6 17. Qh4 Bf8 18. Nb5 a6 19. N5d4 Nxd4 20. Bxd4 e5 21. Ba1 Qc7 22. Rc3 Be7 23. Rcf3 h5 24. Qf2 exf4 25. Rxf4 Ne5 26. Rxf7 Be6 27. Rf6 Bxf6 28. Qxf6 Bxc4 29. Bxe5 Rxe5 30. Rd1 Re6 31. Qc3 b5 32. Nd4 Qc5 33. Kh1 Re5 34. Bd3 Rf8 35. Nb3 Qc8 36. Nd2 Bxd3 37. Qxd3 Qe6 38. a3 Rxg5 39. Nf3 Rg4 40. Re1 Qf7 41. Re3 Qa2 42. Qf1 Rgf4 43. Qg1 Kg7 44. Qd1 Qf2 45. Qd4+ Kh6 0-1

[Event "URS Team Ch"]
[Site "Podolsk RUS"]
[Date "1990.??.??"]
[Round "?"]
[White "Shabalov, Alexander"]
[Black "Anastasian, Ashot"]
[Result "0-1"]
[WhiteElo "2465"]
[BlackElo "2490"]
[PlyCount "62"]
[EventDate "1990.??.??"]
[Source "www.chesslib.no"]
[SourceDate "2004.05.04"]

1. e4 c5 2. Nf3 Nc6 3. d4 cxd4 4. Nxd4 Qb6 5. Nb5 Nf6 6. N1c3 a6 7. Na3 e6 8. g3 Bxa3 9. bxa3 Qc5 10. Bb2 b5 11. Bg2 Bb7 12. Rb1 Na5 13. O-O e5 14. Kh1 O-O 15. Qd3 Rac8 16. h3 Rfe8 17. f4 Nc4 18. Ba1 d5 19. Nxd5 Nxd5 20. exd5 Ne3 21. Rf2 Nxg2 22. Kxg2 Bxd5+ 23. Kg1 exf4 24. gxf4 Re3 25. Qf1 Rg3+ 26. Kh2 Qe3 27. Bd4 Qxd4 28. Kxg3 Rc3+ 29. Kh2 Qe3 30. Rg2 Qxh3+ 31. Kg1 Rg3 0-1

[Event "XIX Czech Chladek & Tintera A Open"]
[Site "Pardubice CEC"]
[Date "2008.07.20"]
[Round "3"]
[White "Genba, V."]
[Black "Gasanov, E."]
[Result "0-1"]
[WhiteElo "2429"]
[BlackElo "2523"]
[PlyCount "118"]
[EventDate "2008.07.18"]
[Source "www.chesslib.no"]
[SourceDate "2004.05.04"]

1. e4 c5 2. Nf3 Nc6 3. d4 cxd4 4. Nxd4 Qb6 5. Nb3 Nf6 6. Bd3 d5 7. exd5 Nxd5 8. O-O g6 9. c4 Nf6 10. Nc3 Bg7 11. Bf4 O-O 12. Nb5 Bg4 13. Qd2 e5 14. Be3 Qd8 15. h3 e4 16. Bxe4 Nxe4 17. Qxd8 Rfxd8 18. hxg4 Bxb2 19. Rab1 Be5 20. Rfe1 Nc3 21. Nxc3 Bxc3 22. Rec1 Bg7 23. Nc5 b6 24. Na6 Ne5 25. f3 Rd3 26. Rb3 Re8 27. Bg5 h6 28. Bh4 Rc8 29. Rxd3 Nxd3 30. Rc2 b5 31. c5 Rc6 32. Be7 Rxa6 33. c6 Nc5 34. Kf1 Ne6 35. Bd6 Bf8 36. c7 Nxc7 37. Bxc7 Ra3 38. Be5 Bg7 39. Bd6 Rc3 40. Rxc3 Bxc3 41. Ke2 f5 42. gxf5 gxf5 43. Kd3 Bg7 44. Bc5 a6 45. Bd4 Bf8 46. g4 Kf7 47. gxf5 h5 48. f6 a5 49. Ke4 Ke6 50. Kf4 Bh6+ 51. Ke4 Bg5 52. f4 Bxf6 53. f5+ Kf7 54. Bf2 b4 55. Kd3 a4 56. Kc2 h4 57. Bc5 h3 58. Bd6 Bd4 59. Kd3 b3 0-1

[Event "Pardubice Open"]
[Site "Pardubice CZE"]
[Date "1994.??.??"]
[Round "5"]
[White "Rasik, Vitezslav"]
[Black "Sax, Gyula"]
[Result "1/2-1/2"]
[WhiteElo "2425"]
[BlackElo "2520"]
[PlyCount "42"]
[EventDate "1994.07.??"]
[Source "www.chesslib.no"]
[SourceDate "2004.05.04"]

1. e4 c5 2. Nf3 Nc6 3. d4 cxd4 4. Nxd4 Qb6 5. Nb5 a6 6. Be3 Qa5+ 7. N5c3 e6 8. Be2 b5 9. Nd2 Nf6 10. O-O Qc7 11. f4 d6 12. Bf3 Bb7 13. g4 h6 14. Bg2 Be7 15. Qf3 d5 16. e5 Nd7 17. Ne2 O-O 18. Nb3 Nb6 19. Ned4 Nc4 20. Nxc6 Bxc6 21. Bd4 f6 1/2-1/2

[Event "Europa ch 2008"]
[Site "Plovdiv BUL"]
[Date "2008.04.23"]
[Round "3.18"]
[White "Zelcic, Robert"]
[Black "Pankov, German"]
[Result "1-0"]
[WhiteElo "2591"]
[BlackElo "2349"]
[PlyCount "95"]
[EventDate "2008.04.21"]
[Source "www.chesslib.no"]
[SourceDate "2004.05.04"]

1. e4 c5 2. Nf3 Nc6 3. d4 cxd4 4. Nxd4 Qb6 5. Nb3 Nf6 6. Bd3 g6 7. O-O Bg7 8. c4 Ne5 9. Nc3 Nxd3 10. Qxd3 Qc7 11. Bg5 Ng4 12. f4 Bxc3 13. Qxc3 f6 14. h3 O-O 15. hxg4 fxg5 16. f5 d6 17. Qd2 Qxc4 18. Qxg5 Qf7 19. Rac1 Bd7 20. Rc7 Qe8 21. e5 Rc8 22. Rxb7 Rc2 23. Nd4 Rxg2+ 24. Kxg2 Qa8 25. Qxe7 Qxb7+ 26. Kg3 Qe4 27. Nf3 Bxf5 28. gxf5 Rxf5 29. Qd8+ Kg7 30. Qc7+ Kg8 31. Qb8+ Kg7 32. Qxa7+ Kg8 33. Qb8+ Kg7 34. Qc7+ Kg8 35. Qc8+ Kg7 36. Qd7+ Kg8 37. Qd8+ Kg7 38. Qc7+ Kg8 39. Qc1 h5 40. Qc8+ Kg7 41. exd6 h4+ 42. Kh2 Qe2+ 43. Kg1 h3 44. Qc3+ Kg8 45. Rf2 Qd1+ 46. Kh2 Qxd6+ 47. Kxh3 Qf4 48. Kg2 1-0

[Event "ISR-chT"]
[Site "Israel"]
[Date "1996.??.??"]
[Round "3"]
[White "Stisis, Yaacov"]
[Black "Golod, Vitali"]
[Result "0-1"]
[WhiteElo "2380"]
[BlackElo "2555"]
[PlyCount "88"]
[EventDate "1996.??.??"]
[Source "ChessBase"]

1. e4 c5 2. Nf3 Nc6 3. d4 cxd4 4. Nxd4 Qb6 5. Nb3 Nf6 6. Bd3 e6 7. O-O Be7 8. c4 d5 9. exd5 exd5 10. c5 Bxc5 11. Nxc5 Qxc5 12. Nc3 O-O 13. Bg5 Qd6 14. Bxf6 Qxf6 15. Nxd5 Qxb2 16. Qh5 g6 17. Qh4 Rd8 18. Bc4 Kg7 19. Rab1 Qd4 20. Qxd4+ Nxd4 21. Rfd1 b5 22. Rxd4 bxc4 23. Rbd1 Rb8 24. Nc3 Rxd4 25. Rxd4 Be6 26. Rd2 Bf5 27. f4 Bd3 28. Kf2 Kf6 29. Ke3 Kf5 30. g3 h5 31. Nd1 Re8+ 32. Kf3 Ke6 33. Nb2 Kf5 34. Nxd3 Rd8 35. h3 Rxd3+ 36. Rxd3 cxd3 37. g4+ hxg4+ 38. hxg4+ Kf6 39. Ke3 g5 40. f5 Ke5 41. Kxd3 Kf4 42. Kd4 Kxg4 43. Ke5 Kf3 44. Kf6 Kf4 0-1

[Event "Ankara"]
[Site "?"]
[Date "1993.??.??"]
[Round "?"]
[White "Milu, R."]
[Black "Grivas, E."]
[Result "1/2-1/2"]
[WhiteElo "2430"]
[BlackElo "2505"]
[PlyCount "27"]
[EventDate "1993.??.??"]
[Source "ChessBase"]
[SourceDate "1993.10.01"]

1. e4 c5 2. Nf3 Nc6 3. d4 cxd4 4. Nxd4 Qb6 5. Nb3 Nf6 6. Bd3 e6 7. Nc3 d6 8. Qe2 a6 9. a4 Be7 10. O-O O-O 11. a5 Qc7 12. Be3 Bd7 13. Bb6 Qb8 14. f4 1/2-1/2

[Event "Kramatorsk"]
[Site "Kramatorsk"]
[Date "2003.07.30"]
[Round "3"]
[White "Kuzmin, Gennadi P"]
[Black "Arzumanian, Georgy"]
[Result "1/2-1/2"]
[WhiteElo "2516"]
[BlackElo "2418"]
[PlyCount "33"]
[EventDate "2003.07.29"]
[Source "ChessBase"]
[SourceDate "2003.11.11"]

1. e4 c5 2. Nf3 Nc6 3. d4 cxd4 4. Nxd4 Qb6 5. Nb3 Nf6 6. Bd3 e6 7. O-O Be7 8. c4 d6 9. Nc3 O-O 10. Be3 Qc7 11. Rc1 Ne5 12. Be2 b6 13. f4 Ned7 14. Bf3 Bb7 15. Bf2 a6 16. Re1 Rac8 17. Nd2 1/2-1/2

[Event "GMA-Open"]
[Site "Belgrade SCG"]
[Date "1988.??.??"]
[Round "?"]
[White "Arnason, Jon L"]
[Black "Avshalumov, Alex"]
[Result "1/2-1/2"]
[WhiteElo "2510"]
[BlackElo "2420"]
[PlyCount "91"]
[EventDate "1988.12.??"]
[Source "www.chesslib.no"]
[SourceDate "2004.05.04"]

1. e4 c5 2. Nf3 Nc6 3. d4 cxd4 4. Nxd4 Qb6 5. Nb5 a6 6. Be3 Qa5+ 7. N5c3 e6 8. Nd2 b5 9. a4 b4 10. Nc4 Qc7 11. Nb1 a5 12. Nb6 Rb8 13. Nxc8 Rxc8 14. Nd2 Nf6 15. Ba6 Ra8 16. Bb5 Be7 17. O-O O-O 18. f4 d5 19. e5 Nd7 20. Nb3 Rfc8 21. Qe2 g6 22. Kh1 Bf8 23. Rac1 Qd8 24. Rfd1 f6 25. c4 bxc3 26. Rxc3 Nb4 27. exf6 Nxf6 28. Bd4 Kf7 29. Re1 Ne4 30. Rh3 Kg8 31. Bc3 Qb6 32. Nd4 Bg7 33. Rd1 Ra7 34. Rf3 Rf7 35. g3 Na2 36. Qe1 Naxc3 37. bxc3 e5 38. Nc6 Rxc6 39. Rxd5 Ng5 40. Rfd3 e4 41. Rxg5 exd3 42. Qe8+ Rf8 43. Qxc6 Qxc6+ 44. Bxc6 Bxc3 45. Rd5 d2 46. Kg2 1/2-1/2

[Event "Corr"]
[Site "?"]
[Date "2000.??.??"]
[Round "?"]
[White "Johansson Krister"]
[Black "Nagy Milan"]
[Result "1-0"]
[WhiteElo "2450"]
[BlackElo "2478"]
[PlyCount "87"]
[EventDate "2000.??.??"]
[Source "www.chesslib.no"]
[SourceDate "2004.05.04"]

1. e4 c5 2. Nf3 Nc6 3. d4 cxd4 4. Nxd4 Qb6 5. Nb3 Nf6 6. Nc3 a6 7. Be3 Qc7 8. Bd3 e6 9. O-O b5 10. f4 d6 11. Qf3 Bb7 12. Qg3 g6 13. Rad1 Be7 14. Bf2 O-O 15. a3 Rfc8 16. f5 Re8 17. fxe6 fxe6 18. Qh3 Bc8 19. Bh4 e5 20. Qg3 Nh5 21. Qe1 Bxh4 22. Qxh4 Be6 23. Be2 Nf4 24. Bg4 Qb6+ 25. Kh1 Bc4 26. g3 b4 27. axb4 Nxb4 28. gxf4 Bxf1 29. Rxf1 Qd8 30. Qh3 Qe7 31. Nd2 Rf8 32. f5 Rad8 33. Nf3 Rf6 34. Rg1 Kg7 35. Bh5 Rg8 36. fxg6 hxg6 37. Nh4 Qe6 38. Qg3 Kh7 39. Be2 Rf4 40. b3 g5 41. Nf5 Rg6 42. Qh3+ Rh4 43. Qe3 Qg8 44. Qa7+ 1-0

[Event "SCO-ch CXI"]
[Site "Hamilton"]
[Date "2004.07.18"]
[Round "9"]
[White "Bryson, Douglas M"]
[Black "Motwani, Paul"]
[Result "0-1"]
[WhiteElo "2374"]
[BlackElo "2552"]
[PlyCount "90"]
[EventDate "2004.07.10"]
[Source "Roberto Alvarez"]
[SourceDate "2004.07.12"]

1. e4 c5 2. Nf3 Nc6 3. d4 cxd4 4. Nxd4 Qb6 5. Nb5 Nf6 6. Be3 Qd8 7. N1c3 a6 8. Na3 b5 9. Nd5 Rb8 10. Nxf6+ gxf6 11. Bd3 d5 12. exd5 Qxd5 13. O-O Ne5 14. Be2 Bb7 15. Qxd5 Bxd5 16. Nb1 Rg8 17. f3 Rc8 18. Nc3 Bb7 19. Rac1 Nc4 20. Bxc4 Rxc4 21. Kf2 f5 22. Rfd1 Bg7 23. Rd3 Be5 24. Rcd1 f6 25. R1d2 Kf7 26. Ne2 Bxb2 27. c3 Ba3 28. Rd7 Bc8 29. Ra7 Rc6 30. Rd3 Bd6 31. Nd4 Rc7 32. Nb3 Rxa7 33. Bxa7 Be6 34. Rd2 Rc8 35. Bd4 Rc4 36. g3 Ra4 37. Nc1 Bc4 38. f4 Ra3 39. Rc2 Bd5 40. Re2 Be4 41. Re3 Ke6 42. Re2 Kd5 43. Rd2 Kc6 44. Nb3 Bb1 45. Nc1 e5 0-1

[Event "Victoria Ch"]
[Site "Victoria"]
[Date "1992.??.??"]
[Round "7"]
[White "Gluzman, Mikhail"]
[Black "Johansen, Darryl K"]
[Result "1/2-1/2"]
[WhiteElo "2440"]
[BlackElo "2485"]
[PlyCount "53"]
[EventDate "1992.??.??"]
[Source "www.chesslib.no"]
[SourceDate "2004.05.04"]

1. e4 c5 2. Nf3 Nc6 3. d4 cxd4 4. Nxd4 a6 5. Be2 e6 6. O-O Nge7 7. Nb3 Ng6 8. a4 b6 9. Be3 Be7 10. N1d2 Rb8 11. f4 O-O 12. Rf2 d5 13. exd5 exd5 14. Nf3 Re8 15. Nfd4 Nxd4 16. Bxd4 Bd6 17. g3 Ne7 18. Qf1 a5 19. Bb5 Bd7 20. Bxd7 Qxd7 21. Qb5 Qg4 22. Re1 h5 23. f5 Nc6 24. Rxe8+ Rxe8 25. Qxc6 Re1+ 26. Rf1 Bxg3 27. Rxe1 1/2-1/2

[Event "HUN-chT1 9596"]
[Site "HUN"]
[Date "1995.??.??"]
[Round "4"]
[White "Tolnai, Tibor"]
[Black "Csom, Istvan"]
[Result "1/2-1/2"]
[WhiteElo "2470"]
[BlackElo "2455"]
[PlyCount "29"]
[EventDate "1995.??.??"]
[Source "www.chesslib.no"]
[SourceDate "2004.05.04"]

1. e4 c5 2. Nf3 Nc6 3. d4 cxd4 4. Nxd4 Qb6 5. Nb3 d6 6. Nc3 Nf6 7. Be2 e6 8. Be3 Qc7 9. f4 a6 10. a4 b6 11. O-O Be7 12. Kh1 O-O 13. Bd3 Nb4 14. Qe2 e5 15. Nd2 1/2-1/2